• 首页
  • 本馆介绍
  • 公告通知
  • 最新文献
  • 馆藏检索
  • 电子资源
  • 读者导购
  • 参考咨询
  • 我的图书馆
  • 登录
  • 详细信息显示
  • 放入我的书架
  • 预约/预借图书
  • 作者相关作品
  • 分类相关作品
  • 丛书相关作品
  • 出版社相关作品

书目信息

  • 表格格式
  • 工作单格式
  • 卡片格式
题名:
理论的味道
    
 
作者: 赵强, 著
分册:  
出版信息: 长沙   湖南人民出版社  2019
页数: 226页
开本: 24cm
丛书名:
单 册:
中图分类: C912.63
科图分类:
主题词: 舆论--yu lun--中国
电子资源:
ISBN: 978-7-5561-2192-2
000 01505nam0 2200289 450
001 012001002874
005 20131024132605.0
010    @a978-7-5561-2192-2@dCNY48.00
099    @aCAL 012019077287
100    @a20190614d2019 em y0chiy50 ea
101 0  @achi
102    @aCN@b430000
105    @ay z 000yy
106    @ar
200 1  @a理论的味道@ALi Lun De Wei Dao@e党校学习笔记@d= The taste of theory@f赵强著@zeng
210    @a长沙@c湖南人民出版社@d2019
215    @a226页@d24cm
314    @a赵强(1975-),江苏南京人。法学博士,高级编辑。先后在中宣部、求是杂志社、人民日报社工作,现任《环球时报》副总编辑。
330    @a本书是《舆论的脾气》一书的姊妹篇,作者为《环球时报》副总编辑赵强。书稿精选作者在党校学习期间创作的政治散文30多篇。这些文章,文风清新,语言流畅,夹叙夹议,情景交融。如《制度自信,底气何来》《真羡慕你们,尊重实事求是》等,是一种制度自信与道路自信;《理论学习,不能太功利》《通俗些,再通俗些》等,对如何运用好理论这一武器进行了深入思考;《历史虚无,不啻于自掘坟墓》《塔西佗陷阱的舆论反思》《历史没有终结》等则对错误观点或社会质疑做了有力驳斥。作者一改理论文章枯燥说教、冰冷坚硬、拒人于千里之外的面孔,寓大道理于小事小情,使文章兼具强烈的责任感、理论的厚重感与形式的轻松感。
333    @a党员干部、及公务员
510 1  @aTaste of theory@zeng
517 1  @a党校学习笔记@Adang xiao xue xi bi ji
606 0  @a舆论@Ayu lun@y中国
690    @aC912.63@v5
701  0 @a赵强,@AZhao Qiang@f1975-@4著
801  0 @aCN@b江苏凤凰@c20191020
905    @b1225587-90@dC912.63@e1665@f4
    
    理论的味道:党校学习笔记= The taste of theory/赵强著.-长沙:湖南人民出版社,2019
    226页;24cm
    使用对象:党员干部、及公务员
    
    ISBN 978-7-5561-2192-2:CNY48.00
    本书是《舆论的脾气》一书的姊妹篇,作者为《环球时报》副总编辑赵强。书稿精选作者在党校学习期间创作的政治散文30多篇。这些文章,文风清新,语言流畅,夹叙夹议,情景交融。如《制度自信,底气何来》《真羡慕你们,尊重实事求是》等,是一种制度自信与道路自信;《理论学习,不能太功利》《通俗些,再通俗些》等,对如何运用好理论这一武器进行了深入思考;《历史虚无,不啻于自掘坟墓》《塔西佗陷阱的舆论反思》《历史没有终结》等则对错误观点或社会质疑做了有力驳斥。作者一改理论文章枯燥说教、冰冷坚硬、拒人于千里之外的面孔,寓大道理于小事小情,使文章兼具强烈的责任感、理论的厚重感与形式的轻松感。
●
相关链接 在E读中查询图书 在五车中查询图书 在当当中查询图书 在豆瓣中查询图书


正题名:理论的味道     索取号:C912.63/1665         预约/预借

序号 登录号 条形码 馆藏地/架位号 状态 备注
1 1225587   212255879   第一样本阅览室/ [索取号:C912.63/1665] 在馆    
2 1225588   212255888   教育系资料室/ [索取号:C912.63/1665] 在馆    
3 1225589   212255897   教育系资料室/ [索取号:C912.63/1665] 在馆    
4 1225590   212255904   第一借阅区/ [索取号:C912.63/1665] 在馆    
唐山师范学院图书馆 欢迎您!
大连网信软件有限公司© 版权所有